| 000 | 00515nam a22001937a 4500 | ||
|---|---|---|---|
| 003 | OSt | ||
| 005 | 20170105103441.0 | ||
| 008 | 120425t xxu||||| |||| 00| 0 eng d | ||
| 020 | _a9781596934061 | ||
| 040 | _cASAB | ||
| 050 | _a660.6, JAY | ||
| 082 | _a660.6 ,JAY | ||
| 100 |
_aArul Jayaraman, Juergen Hahn, editors. _9149 |
||
| 245 | _aMethods in bioengineering : systems analysis of biological networks | ||
| 260 |
_aLondon _bArtech House |
||
| 300 | _a316 | ||
| 650 |
_aBioengineering. _9150 |
||
| 942 |
_2lcc _cBK |
||
| 999 |
_c16475 _d16475 |
||